[Event "2. Bundesliga Mitte 2010/11"]
[Site "Gleisdorf"]
[Date "2011.03.11"]
[Round "6"]
[Board "6"]
[White "Schrittwieser, Herbert"]
[Black "Schink, Barbara"]
[Result "1-0"]
[WhiteElo "2208"]
[BlackElo "2025"]
[PlyCount "153"]
[EventDate "2010.10.16"]
[EventType "team"]
[EventRounds "11"]
[EventCountry "AUT"]
[WhiteTeam "ESV Austria Graz"]
[BlackTeam "Strassenbahn Graz"]

1.Nf3 d5 2.g3 c6 3.Bg2 Nf6 4.O-O Bg4 5.d3 Nbd7 6.Nbd2 e5 7.h3 Bh5 8.e4 dxe4
9.dxe4 Bc5 10.Qe1 O-O 11.Nc4 Qc7 12.a4 b5 13.axb5 cxb5 14.Ncd2 Bb6 15.c3 Nc5
16.Qe2 a6 17.g4 Bg6 18.Nh4 Nfd7 19.Nf5 Rfe8 20.Kh1 Ne6 21.Nb3 f6 22.Rd1 Ndc5
23.Nxc5 Bxc5 24.Qf3 Red8 25.Rd5 Bf7 26.Bf1 Qb6 27.Kg1 Nc7 28.Rxd8+ Rxd8 29.b4
Bf8 30.g5 fxg5 31.Bxg5 Re8 32.Rd1 Qc6 33.Bg2 Ne6 34.Bc1 Rd8 35.Rxd8 Nxd8 36.Qg3
Qc7 37.f4 Qd7 38.Kh2 exf4 39.Bxf4 Bg6 40.Qg4 Kh8 41.Nd4 Be8 42.e5 Qe7 43.Qc8 g5
44.Nf5 Qd7 45.Qxd7 Bxd7 46.Bxg5 Bxf5 47.Bxd8 Bg7 48.Bc7 Bc8 49.Kg3 Bh6 50.Bd8
Kg8 51.Bd5+ Kf8 52.Bf6 Be3 53.h4 Bb6 54.Kf4 a5 55.bxa5 Bxa5 56.e6 b4 57.c4 Bc7+
58.Ke4 Bb6 59.h5 Bc5 60.h6 b3 61.Kd3 Ba3 62.Kc3 b2 63.Kc2 Ba6 64.Bxb2 Be7
65.Bg7+ Ke8 66.Kd3 Bg5 67.Ke4 Ke7 68.Kf5 Bh4 69.Bc3 Bc8 70.Bb4+ Ke8 71.Bd6 Be1
72.c5 Bd2 73.Bf4 Bb4 74.Be3 Bc3 75.Bc6+ Ke7 76.Bg5+ Kf8 77.Bd7 1-0

[Event "2. Bundesliga Mitte 2010/11"]
[Site "Gleisdorf"]
[Date "2011.03.11"]
[Round "6"]
[Board "1"]
[White "Danner, Georg"]
[Black "Horvath, Adam"]
[Result "1/2-1/2"]
[WhiteElo "2422"]
[BlackElo "2493"]
[PlyCount "170"]
[EventDate "2010.10.16"]
[EventType "team"]
[EventRounds "11"]
[EventCountry "AUT"]
[WhiteTeam "UNION Styria Graz Kleine Zeitung"]
[BlackTeam "RbEJ Gleisdorf"]

1.d4 Nf6 2.c4 e6 3.Nf3 d5 4.e3 dxc4 5.Bxc4 a6 6.O-O c5 7.dxc5 Bxc5 8.Qxd8+ Kxd8
9.Nbd2 Nc6 10.a3 Bd6 11.b4 Ke7 12.Bb2 Bd7 13.Be2 b5 14.Rfc1 Rhb8 15.Nd4 Nxd4
16.Bxd4 a5 17.Bf3 Ra6 18.bxa5 Rxa5 19.Bb2 Ra4 20.g3 e5 21.Bd1 Ra7 22.Nf3 Rba8
23.Nxe5 Bxa3 24.Rxa3 Rxa3 25.Bxa3+ Rxa3 26.Nxd7 Kxd7 27.Rb1 Kc6 28.Be2 Ra5
29.Kf1 Ne4 30.Bf3 f5 31.g4 Kb6 32.Rb2 g6 33.gxf5 gxf5 34.Be2 Kc5 35.Rc2+ Kd5
36.Rb2 Kc5 37.Rc2+ Kb6 38.Rb2 Ra1+ 39.Kg2 Nd6 40.Rd2 Kc5 41.Rc2+ Kd5 42.Rd2+ Ke5
43.Rb2 Ra7 44.f3 Rb7 45.Rb4 Kd5 46.Kg3 Kc5 47.Rb1 b4 48.Bd1 Kc4 49.Bb3+ Kc3
50.Kf4 Nc4 51.Ba4 Nd2 52.Rc1+ Kd3 53.Bc2+ Ke2 54.Bxf5 b3 55.Bb1 b2 56.Rg1 Rf7+
57.Ke5 Nxf3+ 58.Ke6 Nxg1 59.Kxf7 Nf3 60.e4 h5 61.Kf6 Nd2 62.Bc2 Nc4 63.e5 Kd2
64.Bg6 Na3 65.e6 Nc2 66.e7 b1=Q 67.e8=Q Qa1+ 68.Qe5 Nd4 69.Bxh5 Qf1+ 70.Kg6 Qb1+
71.Kh6 Qb6+ 72.Bg6 Nf3 73.Qf4+ Ke2 74.h4 Qb2 75.Kh7 Qb7+ 76.Kg8 Qc8+ 77.Kg7 Qc3+
78.Kh7 Nxh4 79.Qe4+ Qe3 80.Qxh4 Qa7+ 81.Kg8 Qb8+ 82.Kg7 Qe5+ 83.Kh7 Qc7+ 84.Kh6
Qc1+ 85.Qg5 Qxg5+ 1/2-1/2

[Event "2. Bundesliga Mitte 2010/11"]
[Site "Gleisdorf"]
[Date "2011.03.11"]
[Round "6"]
[Board "2"]
[White "Horvath, Tamas"]
[Black "Stagl, Marco"]
[Result "1-0"]
[WhiteElo "2414"]
[BlackElo "2112"]
[PlyCount "47"]
[EventDate "2010.10.16"]
[EventType "team"]
[EventRounds "11"]
[EventCountry "AUT"]
[WhiteTeam "RbEJ Gleisdorf"]
[BlackTeam "UNION Styria Graz Kleine Zeitung"]

1.e4 c5 2.Nf3 Nc6 3.Bb5 g6 4.O-O Bg7 5.Re1 e5 6.Bxc6 dxc6 7.d3 Qe7 8.Nbd2 Nf6
9.Nc4 Nd7 10.a3 b6 11.b4 a5 12.bxc5 b5 13.Nd6+ Kd8 14.Be3 Kc7 15.Qc1 Ba6 16.Qd2
Bb7 17.c4 bxc4 18.dxc4 Rhb8 19.Red1 f5 20.exf5 e4 21.Ng5 Nf8 22.Rab1 h6 23.Ngxe4
gxf5 24.Nxf5 1-0

[Event "2. Bundesliga Mitte 2010/11"]
[Site "Gleisdorf"]
[Date "2011.03.11"]
[Round "6"]
[Board "3"]
[White "Manhardt, Thomas"]
[Black "Abel, Dennes"]
[Result "0-1"]
[WhiteElo "2121"]
[BlackElo "2394"]
[PlyCount "101"]
[EventDate "2010.10.16"]
[EventType "team"]
[EventRounds "11"]
[EventCountry "AUT"]
[WhiteTeam "UNION Styria Graz Kleine Zeitung"]
[BlackTeam "RbEJ Gleisdorf"]

1.e4 c6 2.d4 d5 3.Nc3 dxe4 4.Nxe4 Bf5 5.Ng3 Bg6 6.h4 h6 7.N1e2 Nf6 8.Nf4 Bh7
9.Bc4 e6 10.O-O Bd6 11.Ngh5 O-O 12.Nxf6+ Qxf6 13.Nh5 Qxh4 14.g3 Qh3 15.Re1 Bg6
16.Nf4 Bxf4 17.Bxf4 Nd7 18.Bf1 Qf5 19.Bd3 Qf6 20.Kg2 Bxd3 21.Qxd3 Rfd8 22.Bc7
Re8 23.Qe3 Rac8 24.Bd6 Qg5 25.Qxg5 hxg5 26.c3 f6 27.Rad1 Kf7 28.Rh1 Red8 29.g4
Nb6 30.Bg3 Rd5 31.Rde1 c5 32.dxc5 Rcxc5 33.Re2 e5 34.f3 Rc6 35.Bf2 a6 36.b3 Nd7
37.c4 Rd3 38.Rh8 Nf8 39.Rh1 Ne6 40.Be3 Rcd6 41.Kf2 Nf4 42.Bxf4 gxf4 43.Rc1 Rd1
44.Rxd1 Rxd1 45.Rc2 Ke6 46.Ke2 Rh1 47.Kd3 Rh3 48.Rf2 f5 49.gxf5+ Kxf5 50.Ke2 e4
51.Ke1 0-1

[Event "2. Bundesliga Mitte 2010/11"]
[Site "Gleisdorf"]
[Date "2011.03.11"]
[Round "6"]
[Board "4"]
[White "Leitner, Gerald"]
[Black "Pirker, Christian"]
[Result "0-1"]
[WhiteElo "2215"]
[BlackElo "2188"]
[PlyCount "124"]
[EventDate "2010.10.16"]
[EventType "team"]
[EventRounds "11"]
[EventCountry "AUT"]
[WhiteTeam "RbEJ Gleisdorf"]
[BlackTeam "UNION Styria Graz Kleine Zeitung"]

1.Nf3 Nf6 2.c4 g6 3.Nc3 c5 4.d4 cxd4 5.Nxd4 Bg7 6.e4 d6 7.Be2 Nc6 8.Be3 O-O
9.O-O Bd7 10.Qd2 Nxd4 11.Bxd4 Bc6 12.f3 a5 13.Rfd1 a4 14.Rab1 Nd7 15.Be3 Qa5
16.Rdc1 Rfc8 17.Bf1 Qb4 18.Rc2 Rc7 19.Rbc1 Rac8 20.Qf2 Qa5 21.Bd2 Qb6 22.Be3 Qb4
23.Bd2 Qb6 24.Qxb6 Nxb6 25.Be3 Nd7 26.Nb1 Nc5 27.Nd2 Bd7 28.b4 axb3 29.axb3 Ra8
30.Kf2 Ra3 31.b4 Ne6 32.c5 Ba4 33.Rc4 dxc5 34.bxc5 Rd7 35.Rxa4 Rxa4 36.Bb5 Rxd2+
37.Bxd2 Ra2 38.Ke1 Rxd2 39.Kxd2 Bh6+ 40.Kd1 Bxc1 41.Kxc1 Nxc5 42.Kc2 Ne6 43.Kc3
Nc7 44.Bc4 e5 45.g3 Kf8 46.Kb4 b6 47.f4 f6 48.h4 h6 49.Ba2 Ke7 50.Bg8 Kd6 51.Bf7
g5 52.fxg5 fxg5 53.hxg5 hxg5 54.Kc4 Kc6 55.Kb4 Na6+ 56.Kc4 b5+ 57.Kc3 Kc5 58.Kd3
Kb4 59.Ke3 Kc3 60.Kf3 Nc5 61.Kg4 Nxe4 62.Kf5 Nd6+ 0-1

[Event "2. Bundesliga Mitte 2010/11"]
[Site "Gleisdorf"]
[Date "2011.03.11"]
[Round "6"]
[Board "5"]
[White "Rohler, Siegfried"]
[Black "Walzl, Martin"]
[Result "1-0"]
[WhiteElo "2192"]
[BlackElo "2166"]
[PlyCount "99"]
[EventDate "2010.10.16"]
[EventType "team"]
[EventRounds "11"]
[EventCountry "AUT"]
[WhiteTeam "UNION Styria Graz Kleine Zeitung"]
[BlackTeam "RbEJ Gleisdorf"]

1.e4 c5 2.Nf3 Nc6 3.Bb5 g6 4.O-O Bg7 5.Re1 e5 6.b3 Nge7 7.Bb2 O-O 8.Na3 d6 9.c3
h6 10.h3 Qc7 11.d4 Rd8 12.d5 Nb8 13.b4 a6 14.Qa4 Nd7 15.Bf1 f5 16.exf5 Nxf5
17.Rad1 Nf6 18.bxc5 Qxc5 19.Nc4 b5 20.Qa5 Bb7 21.Ba3 Qa7 22.Nb6 Rab8 23.Bxb5 Kh7
24.g4 Ne7 25.c4 Nc8 26.Nxc8 Rbxc8 27.Bc6 Qa8 28.Bxb7 Qxb7 29.Nd2 Qd7 30.Ne4 Rxc4
31.Nxd6 Ra4 32.Qc3 Bf8 33.Qxe5 Rxa3 34.Qxf6 Rxh3 35.Qf7+ Kh8 36.Qxd7 Rxd7 37.Nc4
Rc3 38.Ne5 Rb7 39.Nxg6+ Kg7 40.Nxf8 Kxf8 41.Re4 Rd7 42.Re6 Rg7 43.Rf6+ Ke7
44.Rxa6 Rxg4+ 45.Kf1 Rh4 46.d6+ Kd7 47.Ra7+ Kd8 48.Rd2 Rc1+ 49.Ke2 Re4+ 50.Kf3 1-0

[Event "2. Bundesliga Mitte 2010/11"]
[Site "Feffernitz"]
[Date "2011.03.12"]
[Round "7"]
[Board "1"]
[White "Kozul, Zdenko"]
[Black "Lenic, Luka"]
[Result "0-1"]
[WhiteElo "2604"]
[BlackElo "2603"]
[PlyCount "62"]
[EventDate "2010.10.16"]
[EventType "team"]
[EventRounds "11"]
[EventCountry "AUT"]
[WhiteTeam "ZH-Technologies-Wolfsberg"]
[BlackTeam "SV Raika Rapid Feffernitz"]

1.d4 d5 2.c4 c6 3.e3 Nf6 4.Nc3 e6 5.Nf3 Nbd7 6.Bd3 dxc4 7.Bxc4 b5 8.Bd3 a6 9.a4
Bb7 10.Qe2 b4 11.Nb1 c5 12.a5 Be7 13.Nbd2 O-O 14.O-O Qc7 15.Nc4 Rfd8 16.Nfe5
cxd4 17.exd4 Nxe5 18.dxe5 Nd7 19.b3 Qc6 20.f3 Nc5 21.Bc2 Qb5 22.Bd2 Bd5 23.Rfc1
Bxc4 24.bxc4 Qb7 25.Rcb1 b3 26.Be3 Qb4 27.Bd1 Qc3 28.Kf1 Rd3 29.Bf2 Rad8 30.Qe1
Rd2 31.Be2 b2 0-1

[Event "2. Bundesliga Mitte 2010/11"]
[Site "Feffernitz"]
[Date "2011.03.12"]
[Round "7"]
[Board "2"]
[White "Sebenik, Matej"]
[Black "Stevic, Hrvoje"]
[Result "0-1"]
[WhiteElo "2516"]
[BlackElo "2607"]
[PlyCount "76"]
[EventDate "2010.10.16"]
[EventType "team"]
[EventRounds "11"]
[EventCountry "AUT"]
[WhiteTeam "SV Raika Rapid Feffernitz"]
[BlackTeam "ZH-Technologies-Wolfsberg"]

1.c4 c5 2.g3 Nc6 3.Bg2 g6 4.Nc3 Bg7 5.Nf3 d6 6.O-O e5 7.a3 Nge7 8.b4 cxb4 9.axb4
e4 10.Ng5 f5 11.Bb2 h6 12.Nh3 g5 13.d3 Be5 14.Qd2 O-O 15.f4 exf3 16.exf3 f4
17.gxf4 Bxh3 18.fxe5 Bxg2 19.Qxg2 dxe5 20.Qg4 Kh8 21.Qe4 Rf4 22.Qe2 Qb6+ 23.Kh1
Qxb4 24.Nb5 Ng6 25.Nc7 Rc8 26.Nd5 Qd6 27.Rxa7 Rf7 28.Qe4 Nh4 29.Bc3 Qb8 30.Raa1
Rcf8 31.Bb4 Re8 32.Rae1 Qc8 33.Re2 Qh3 34.Ref2 Rxf3 35.Kg1 Ra8 36.Bc3 Raf8
37.Ne3 R8f4 38.Rxf3 Nxf3+ 0-1

[Event "2. Bundesliga Mitte 2010/11"]
[Site "Feffernitz"]
[Date "2011.03.12"]
[Round "7"]
[Board "3"]
[White "Steflitsch, Erich"]
[Black "Diermair, Andreas"]
[Result "1-0"]
[WhiteElo "2367"]
[BlackElo "2354"]
[PlyCount "113"]
[EventDate "2010.10.16"]
[EventType "team"]
[EventRounds "11"]
[EventCountry "AUT"]
[WhiteTeam "ZH-Technologies-Wolfsberg"]
[BlackTeam "SV Raika Rapid Feffernitz"]

1.d4 Nf6 2.c4 e6 3.Nf3 d5 4.Nc3 c6 5.Bg5 h6 6.Bh4 dxc4 7.e4 g5 8.Bg3 b5 9.Be2
Bb7 10.O-O Nbd7 11.a4 b4 12.e5 bxc3 13.exf6 Nxf6 14.bxc3 Bg7 15.Bxc4 O-O 16.Rb1
Qc8 17.Qe2 c5 18.Rfc1 Re8 19.Be5 Bd5 20.Ba6 Qd7 21.dxc5 Red8 22.Nd4 Ne8 23.c6
Bxc6 24.Nxc6 Qxc6 25.Bb7 Qxa4 26.Bxa8 Rxa8 27.c4 a5 28.c5 Rc8 29.Bxg7 Kxg7
30.Qb5 Qf4 31.Qxa5 Nf6 32.Qc3 Kg8 33.c6 Rc7 34.Qg3 Kf8 35.Qxf4 gxf4 36.Rb7 Rc8
37.g3 fxg3 38.hxg3 Nd5 39.Kg2 Kg7 40.Kf3 Kf6 41.Ke4 Ne7 42.c7 Nd5 43.Rc5 Ke7
44.Rxd5 exd5+ 45.Kxd5 Kd7 46.f4 Ra8 47.c8=Q+ Kxc8 48.Rxf7 Ra6 49.Re7 Rg6 50.f5
Rxg3 51.f6 Kd8 52.Ke6 h5 53.Rd7+ Kc8 54.Rd5 Re3+ 55.Kf5 h4 56.f7 Rf3+ 57.Kg6 1-0

[Event "2. Bundesliga Mitte 2010/11"]
[Site "Feffernitz"]
[Date "2011.03.12"]
[Round "7"]
[Board "4"]
[White "Novak, Pavel"]
[Black "Wegerer, Fred"]
[Result "0-1"]
[WhiteElo "2381"]
[BlackElo "2218"]
[PlyCount "70"]
[EventDate "2010.10.16"]
[EventType "team"]
[EventRounds "11"]
[EventCountry "AUT"]
[WhiteTeam "SV Raika Rapid Feffernitz"]
[BlackTeam "ZH-Technologies-Wolfsberg"]

1.e4 c6 2.d4 d5 3.e5 Bf5 4.Nc3 a6 5.g4 Bd7 6.Be3 e6 7.Nge2 Ne7 8.Ng3 Ng6 9.f4
Nh4 10.Bh3 g6 11.Rf1 Be7 12.Qd3 b5 13.f5 b4 14.Nce2 Bg5 15.Qd2 h6 16.Nf4 a5
17.fxg6 fxg6 18.Nd3 Na6 19.O-O-O Qe7 20.Bxg5 Qxg5 21.Rf6 Ke7 22.Rdf1 Raf8
23.R1f4 c5 24.dxc5 Bb5 25.Qe3 Bxd3 26.cxd3 Rxf6 27.exf6+ Kf7 28.d4 Nxc5 29.Kd2
Nd7 30.Bf1 Rc8 31.Ne2 Nb6 32.Ng1 Ng2 33.Bxg2 Nc4+ 34.Kd3 Nxe3 35.Kxe3 Rc2 0-1

[Event "2. Bundesliga Mitte 2010/11"]
[Site "Feffernitz"]
[Date "2011.03.12"]
[Round "7"]
[Board "5"]
[White "Waldmann, Gerald"]
[Black "Perhinig, Robert"]
[Result "1/2-1/2"]
[WhiteElo "2212"]
[BlackElo "2262"]
[PlyCount "60"]
[EventDate "2010.10.16"]
[EventType "team"]
[EventRounds "11"]
[EventCountry "AUT"]
[WhiteTeam "ZH-Technologies-Wolfsberg"]
[BlackTeam "SV Raika Rapid Feffernitz"]

1.e4 e6 2.d4 d5 3.exd5 exd5 4.Nf3 Bd6 5.c4 Nf6 6.Nc3 O-O 7.cxd5 Nbd7 8.Bg5 Nb6
9.Be2 Be7 10.O-O Nbxd5 11.Qb3 c6 12.Rfd1 Nb6 13.Ne5 Be6 14.Qc2 Nbd5 15.a3 Nd7
16.Bxe7 Qxe7 17.Bf3 Nxe5 18.dxe5 Nxc3 19.Qxc3 Rfd8 20.Be4 Rxd1+ 21.Rxd1 Rd8
22.Rd4 Rxd4 23.Qxd4 Qd7 24.Qxd7 Bxd7 25.f4 g6 26.Kf2 f6 27.Ke3 fxe5 28.fxe5 Kf7
29.Kf4 h6 30.h4 Be6 1/2-1/2

[Event "2. Bundesliga Mitte 2010/11"]
[Site "Feffernitz"]
[Date "2011.03.12"]
[Round "7"]
[Board "6"]
[White "Arztmann, Wolfgang"]
[Black "Toefferl, Heimo"]
[Result "0-1"]
[WhiteElo "2164"]
[BlackElo "2126"]
[PlyCount "76"]
[EventDate "2010.10.16"]
[EventType "team"]
[EventRounds "11"]
[EventCountry "AUT"]
[WhiteTeam "SV Raika Rapid Feffernitz"]
[BlackTeam "ZH-Technologies-Wolfsberg"]

1.e4 e6 2.d4 d5 3.Nc3 Bb4 4.e5 b6 5.Qg4 Bf8 6.Nf3 Qd7 7.Bb5 c6 8.Ba4 Ne7 9.O-O
Nf5 10.Nd1 Na6 11.Ne3 h6 12.h4 g6 13.c3 Bb7 14.Bc2 O-O-O 15.h5 Be7 16.Qh3 Rdg8
17.g4 Nxe3 18.Bxe3 gxh5 19.Qxh5 Nc7 20.Kg2 Ne8 21.Rh1 f5 22.g5 Bxg5 23.Nxg5 Qg7
24.f4 hxg5 25.Qxg5 Qf8 26.Rxh8 Rxg5+ 27.fxg5 Qxh8 28.Rh1 Qg7 29.Kg3 Nc7 30.Rh6
Ba6 31.g6 c5 32.Bg5 Ne8 33.Kf4 cxd4 34.cxd4 Qc7 35.Rh8 Qxc2 36.Rxe8+ Kd7 37.Re7+
Kc8 38.g7 Qf2# 0-1

[Event "2. Bundesliga Mitte 2010/11"]
[Site "Feffernitz"]
[Date "2011.03.12"]
[Round "7"]
[Board "1"]
[White "Horvath, Jozsef"]
[Black "Tratar, Marko"]
[Result "1/2-1/2"]
[WhiteElo "2560"]
[BlackElo "2475"]
[PlyCount "65"]
[EventDate "2010.10.16"]
[EventType "team"]
[EventRounds "11"]
[EventCountry "AUT"]
[WhiteTeam "SC Die Klagenfurter"]
[BlackTeam "SK MPOE Maria Saal"]

1.c4 e5 2.g3 Nc6 3.Bg2 g6 4.Nc3 Bg7 5.e4 d6 6.Nge2 h5 7.h4 Bg4 8.f3 Be6 9.d3 Qd7
10.Bg5 f6 11.Be3 f5 12.Qb3 b6 13.Nd5 fxe4 14.fxe4 Nf6 15.O-O O-O 16.Bg5 Na5
17.Qc2 Ng4 18.Qd2 c6 19.Ne3 c5 20.Nd5 Nc6 21.a3 Kh7 22.Rab1 Nd4 23.Nxd4 cxd4
24.Bf3 Bxd5 25.exd5 Bh6 26.Bxh6 Nxh6 27.Be4 Qg4 28.Kh2 Nf5 29.Bxf5 gxf5 30.Qd1
Rf6 31.Qxg4 hxg4 32.Kg2 Kg6 33.b4 1/2-1/2

[Event "2. Bundesliga Mitte 2010/11"]
[Site "Feffernitz"]
[Date "2011.03.12"]
[Round "7"]
[Board "2"]
[White "Schachinger, Mario"]
[Black "Pilaj, Herwig"]
[Result "1/2-1/2"]
[WhiteElo "2356"]
[BlackElo "2349"]
[PlyCount "34"]
[EventDate "2010.10.16"]
[EventType "team"]
[EventRounds "11"]
[EventCountry "AUT"]
[WhiteTeam "SK MPOE Maria Saal"]
[BlackTeam "SC Die Klagenfurter"]

1.d4 d5 2.c4 c6 3.Nf3 Nf6 4.Nc3 dxc4 5.a4 Bf5 6.e3 e6 7.Bxc4 Bb4 8.O-O Nbd7
9.Qb3 a5 10.Na2 Be7 11.Qxb7 Rb8 12.Qa6 Ra8 13.Qxc6 Rc8 14.Qa6 Ra8 15.Qc6 Rc8
16.Qa6 Ra8 17.Qc6 Rc8 1/2-1/2

[Event "2. Bundesliga Mitte 2010/11"]
[Site "Feffernitz"]
[Date "2011.03.12"]
[Round "7"]
[Board "3"]
[White "Genser, Harald"]
[Black "Hartl, Daniel"]
[Result "1/2-1/2"]
[WhiteElo "2281"]
[BlackElo "2233"]
[PlyCount "98"]
[EventDate "2010.10.16"]
[EventType "team"]
[EventRounds "11"]
[EventCountry "AUT"]
[WhiteTeam "SC Die Klagenfurter"]
[BlackTeam "SK MPOE Maria Saal"]

1.d4 d5 2.c4 c6 3.Nf3 Nf6 4.Nc3 dxc4 5.a4 Bf5 6.e3 e6 7.Bxc4 Bb4 8.O-O Nbd7
9.Qe2 Bg6 10.e4 O-O 11.Bd3 Bh5 12.e5 Nd5 13.Nxd5 cxd5 14.Qe3 Be7 15.Ng5 Bxg5
16.Qxg5 Bg6 17.Bxg6 fxg6 18.Qxd8 Raxd8 19.Be3 Rc8 20.Rfc1 Nb8 21.Rxc8 Rxc8
22.Rc1 Rxc1+ 23.Bxc1 Nc6 24.Be3 Kf7 25.Kf1 g5 26.g4 h6 27.Ke2 a6 28.Kd3 Nb4+
29.Ke2 Nc6 30.Kd3 Ke7 31.Bd2 b6 32.Bc3 Kd7 33.b4 b5 34.a5 Ke7 35.Bd2 Kf7 36.Be3
Ne7 37.Bd2 Ng6 38.Ke2 Nh4 39.f3 Ng6 40.Kf2 Ne7 41.Bc3 Kg6 42.Kg3 Ng8 43.Kf2 h5
44.h3 Ne7 45.Kg2 Kh6 46.Kf2 Ng6 47.Bd2 Nf4 48.Bxf4 gxf4 49.Kg2 Kg5 1/2-1/2

[Event "2. Bundesliga Mitte 2010/11"]
[Site "Feffernitz"]
[Date "2011.03.12"]
[Round "7"]
[Board "4"]
[White "Ertl, Johann"]
[Black "Petschar, Kurt"]
[Result "1/2-1/2"]
[WhiteElo "2280"]
[BlackElo "2304"]
[PlyCount "53"]
[EventDate "2010.10.16"]
[EventType "team"]
[EventRounds "11"]
[EventCountry "AUT"]
[WhiteTeam "SK MPOE Maria Saal"]
[BlackTeam "SC Die Klagenfurter"]

1.e4 e5 2.Nf3 Nc6 3.Bc4 Nf6 4.d4 exd4 5.O-O Nxe4 6.Re1 d5 7.Bxd5 Qxd5 8.Nc3 Qa5
9.Nxe4 Be6 10.Neg5 O-O-O 11.Nxe6 fxe6 12.Rxe6 Bd6 13.Qe2 Qh5 14.h3 Qf7 15.Bd2 h6
16.Qe4 Rhe8 17.Re1 Rxe6 18.Qxe6+ Qxe6 19.Rxe6 Bb4 20.Rxc6 Bxd2 21.Rg6 Bc1 22.b3
Bb2 23.Ne5 Rg8 24.Nd3 Ba3 25.Kf1 Bf8 26.a4 c5 27.f4 1/2-1/2

[Event "2. Bundesliga Mitte 2010/11"]
[Site "Feffernitz"]
[Date "2011.03.12"]
[Round "7"]
[Board "5"]
[White "Titz, Heimo"]
[Black "Reschun, Sascha"]
[Result "1/2-1/2"]
[WhiteElo "2225"]
[BlackElo "2255"]
[PlyCount "125"]
[EventDate "2010.10.16"]
[EventType "team"]
[EventRounds "11"]
[EventCountry "AUT"]
[WhiteTeam "SC Die Klagenfurter"]
[BlackTeam "SK MPOE Maria Saal"]

1.c4 c5 2.Nc3 Nc6 3.g3 g6 4.Bg2 Bg7 5.a3 e5 6.Rb1 a5 7.Nf3 Nge7 8.d3 h6 9.O-O
O-O 10.Ne1 d6 11.Nc2 Rb8 12.b4 f5 13.bxc5 dxc5 14.Ne3 Kh7 15.Ned5 Nxd5 16.Nxd5
Be6 17.Be3 b6 18.f4 Ne7 19.Nxe7 Qxe7 20.fxe5 Bxe5 21.Bf4 Bxf4 22.Rxf4 Bd7 23.Qd2
Rfe8 24.Rf2 Qd6 25.Bd5 a4 26.e4 Re7 27.Rbf1 b5 28.cxb5 Rxb5 29.Bc4 Rb8 30.exf5
Bxf5 31.g4 Be6 32.Qf4 Qxf4 33.Rxf4 Bxc4 34.Rxc4 Rb3 35.Rxa4 Rxd3 36.Kg2 Kg7
37.Rf3 Rd2+ 38.Kg3 Ree2 39.h4 Rg2+ 40.Kf4 Rd7 41.Re4 Rf7+ 42.Ke3 Rh2 43.Rxf7+
Kxf7 44.Rf4+ Ke7 45.g5 hxg5 46.hxg5 Rg2 47.Rf6 Rxg5 48.Ra6 Re5+ 49.Kd3 Re6
50.Ra8 g5 51.Kc4 Rc6 52.a4 Rc7 53.a5 Kf6 54.a6 g4 55.Rb8 Kf5 56.Rb7 Rc8 57.Rb1
Kf4 58.a7 Ra8 59.Ra1 Ke4 60.Kxc5 g3 61.Kb6 g2 62.Kb7 Rxa7+ 63.Rxa7 1/2-1/2

[Event "2. Bundesliga Mitte 2010/11"]
[Site "Feffernitz"]
[Date "2011.03.12"]
[Round "7"]
[Board "6"]
[White "Sommer, Sonja"]
[Black "Wertjanz, David"]
[Result "0-1"]
[WhiteElo "2040"]
[BlackElo "2209"]
[PlyCount "78"]
[EventDate "2010.10.16"]
[EventType "team"]
[EventRounds "11"]
[EventCountry "AUT"]
[WhiteTeam "SK MPOE Maria Saal"]
[BlackTeam "SC Die Klagenfurter"]

1.e4 c5 2.c3 d5 3.exd5 Qxd5 4.d4 Nc6 5.Nf3 Bg4 6.dxc5 Qxd1+ 7.Kxd1 e6 8.b4 a5
9.Bb5 Nge7 10.a3 Bxf3+ 11.gxf3 axb4 12.cxb4 O-O-O+ 13.Ke1 Nd4 14.Ba4 Nxf3+
15.Kf1 Nf5 16.Nc3 Be7 17.Be3 Bf6 18.Rc1 Nxe3+ 19.fxe3 Rd2 20.Ne4 Nxh2+ 21.Ke1
Nf3+ 22.Kf1 Ra2 23.Rh3 Ne5 24.Nd6+ Kb8 25.e4 g5 26.c6 bxc6 27.Bxc6 g4 28.Rb3 Nf3
29.Rxf3 gxf3 30.Be8 Ra1 31.Rxa1 Bxa1 32.Bxf7 Kc7 33.Nc4 Kd7 34.Bh5 Rf8 35.Nd2 f2
36.Nf3 Ra8 37.Kxf2 Rxa3 38.Ng5 h6 39.Nf3 Rb3 0-1

[Event "2. Bundesliga Mitte 2010/11"]
[Site "Ansfelden"]
[Date "2011.03.12"]
[Round "7"]
[Board "1"]
[White "Weiss, Christian"]
[Black "Nemeth, Miklos"]
[Result "1/2-1/2"]
[WhiteElo "2417"]
[BlackElo "2454"]
[PlyCount "76"]
[EventDate "2010.10.16"]
[EventType "team"]
[EventRounds "11"]
[EventCountry "AUT"]
[WhiteTeam "Union Ansfelden"]
[BlackTeam "SV Steyregg"]

1.Nf3 Nf6 2.c4 b6 3.g3 Bb7 4.Bg2 c5 5.O-O g6 6.Nc3 Bg7 7.Re1 O-O 8.e4 d6 9.d4
cxd4 10.Nxd4 Qc8 11.Nd5 Re8 12.Bg5 Nbd7 13.Rc1 a6 14.Qd2 Rb8 15.Red1 e6 16.Nc3
Nc5 17.f3 Qc7 18.b4 Ncd7 19.Ncb5 axb5 20.Nxb5 Qc6 21.Nxd6 Rf8 22.Qe2 h6 23.Bf4
e5 24.Be3 Rbd8 25.Nxb7 Qxb7 26.a4 Ra8 27.Ra1 Rfd8 28.Bf1 Bf8 29.Qb2 Qc6 30.Qb3
Qe6 31.h4 Rdc8 32.Kh2 Rc7 33.Rdc1 Qd6 34.Rab1 Qc6 35.Ra1 Qd6 36.Rab1 Qc6 37.Ra1
Qd6 38.Rab1 Qc6 1/2-1/2

[Event "2. Bundesliga Mitte 2010/11"]
[Site "Ansfelden"]
[Date "2011.03.12"]
[Round "7"]
[Board "2"]
[White "Gergacz, Attila"]
[Black "Ennsberger, Ulrich"]
[Result "1-0"]
[WhiteElo "2425"]
[BlackElo "2365"]
[PlyCount "35"]
[EventDate "2010.10.16"]
[EventType "team"]
[EventRounds "11"]
[EventCountry "AUT"]
[WhiteTeam "SV Steyregg"]
[BlackTeam "Union Ansfelden"]

1.e4 c6 2.d4 d5 3.e5 c5 4.dxc5 e6 5.Nf3 Nc6 6.Bd3 Bxc5 7.a3 Nge7 8.Qe2 Qc7 9.Bf4
Ng6 10.Bg3 Bd7 11.Nbd2 Nd4 12.Nxd4 Bxd4 13.c3 Bb6 14.O-O O-O 15.Qh5 Qd8 16.Nf3
f5 17.exf6 Qxf6 18.Be5 1-0

[Event "2. Bundesliga Mitte 2010/11"]
[Site "Ansfelden"]
[Date "2011.03.12"]
[Round "7"]
[Board "3"]
[White "Knoll, Hermann"]
[Black "Webersberger, Johann"]
[Result "1/2-1/2"]
[WhiteElo "2382"]
[BlackElo "2368"]
[PlyCount "60"]
[EventDate "2010.10.16"]
[EventType "team"]
[EventRounds "11"]
[EventCountry "AUT"]
[WhiteTeam "Union Ansfelden"]
[BlackTeam "SV Steyregg"]

1.e4 e5 2.Nf3 d6 3.Bc4 Be7 4.O-O Nf6 5.Re1 O-O 6.d3 Nbd7 7.c3 Ne8 8.Nbd2 g6
9.Nf1 Ng7 10.Bh6 Nb6 11.Bb3 Bg4 12.h3 Bxf3 13.Qxf3 Bg5 14.Bxg5 Qxg5 15.Qe3 Qxe3
16.Nxe3 Ne8 17.Rad1 Rd8 18.d4 Nf6 19.f3 Rfe8 20.Kf2 Kg7 21.Rd2 Rc8 22.Red1 Ra8
23.a4 a5 24.Nc2 Kf8 25.Ne1 Re7 26.Nd3 Nfd7 27.dxe5 Nxe5 28.Nxe5 Rxe5 29.Rd4 Rae8
30.R1d2 Kg7 1/2-1/2

[Event "2. Bundesliga Mitte 2010/11"]
[Site "Ansfelden"]
[Date "2011.03.12"]
[Round "7"]
[Board "4"]
[White "Enoeckl, Philipp"]
[Black "Felsberger, Alfred"]
[Result "0-1"]
[WhiteElo "2285"]
[BlackElo "2370"]
[PlyCount "86"]
[EventDate "2010.10.16"]
[EventType "team"]
[EventRounds "11"]
[EventCountry "AUT"]
[WhiteTeam "SV Steyregg"]
[BlackTeam "Union Ansfelden"]

1.d4 Nf6 2.c4 e6 3.Nc3 Bb4 4.f3 d5 5.a3 Be7 6.e4 dxe4 7.fxe4 e5 8.d5 O-O 9.Nf3
Nbd7 10.Bd3 Re8 11.O-O Nf8 12.Kh1 Ng6 13.Bc2 c6 14.Be3 Qc7 15.Rc1 b6 16.dxc6 Be6
17.Nd5 Qxc6 18.Ba4 Qb7 19.Bxe8 Rxe8 20.Qa4 Bd7 21.Qc2 h6 22.Rfd1 Bc6 23.Bg1 Rc8
24.b4 Bd8 25.b5 Bxb5 26.Qb2 Ba4 27.Re1 Nd7 28.Nd2 Bg5 29.Rc3 Qa6 30.Nb4 Qa5
31.Nb3 Bxb3 32.Qxb3 Bd2 33.Rd1 Nc5 34.Bxc5 Bxc3 35.Bg1 Bd4 36.Bxd4 exd4 37.Rxd4
Qg5 38.Qd1 b5 39.Rd5 Qf4 40.Rxb5 Rxc4 41.Nd3 Qxe4 42.Ne1 Rd4 43.Qb1 Qe2 0-1

[Event "2. Bundesliga Mitte 2010/11"]
[Site "Ansfelden"]
[Date "2011.03.12"]
[Round "7"]
[Board "5"]
[White "Moser, Guenter"]
[Black "Kubinger, Thomas"]
[Result "1-0"]
[WhiteElo "2355"]
[BlackElo "2227"]
[PlyCount "67"]
[EventDate "2010.10.16"]
[EventType "team"]
[EventRounds "11"]
[EventCountry "AUT"]
[WhiteTeam "Union Ansfelden"]
[BlackTeam "SV Steyregg"]

1.c4 c6 2.Nf3 d5 3.e3 Nf6 4.b3 Bg4 5.Bb2 Nbd7 6.Qc2 e6 7.d3 Bd6 8.Nbd2 Qe7 9.h3
Bxf3 10.gxf3 Ba3 11.f4 Bxb2 12.Qxb2 e5 13.fxe5 Nxe5 14.d4 Ng6 15.cxd5 Nxd5
16.O-O-O O-O-O 17.Kb1 Kb8 18.Rc1 Qh4 19.Rh2 Rhe8 20.Ka1 f5 21.b4 Qf6 22.b5 cxb5
23.Bxb5 Re6 24.Bc4 Rb6 25.Nb3 Nge7 26.Rhh1 Qd6 27.Rhd1 Rc8 28.Bxd5 Qxd5 29.Qa3
Qd6 30.Nc5 Nd5 31.Qd3 g6 32.f3 Nb4 33.Qc4 Nd5 34.Na6+ 1-0